一等星(サドンデス) - Statistics

General Stats
  • This quiz has been taken 15 times
  • The average score is 8 of 17
Answers on the Grid
Answers color-coded by a green-red scale on the quiz's grid according to % correct below.
アークトゥルス
ミザール
リゲル
プロキオン
デネボラ
アンタレス
ポラリス
ベガ
カストル
アルタイル
スピカ
アルゴル
シリウス
ベテルギウス
アルデバラン
アルカイド
フォーマルハウト
ミラ
レグルス
カペラ
ミンタカ
ポルックス
デネブ
カノープス
 
Answer Stats
Answer % Correct
ベガ
90%
スピカ
90%
アンタレス
80%
ベテルギウス
70%
アルタイル
60%
シリウス
60%
カペラ
60%
プロキオン
50%
デネブ
50%
アークトゥルス
40%
アルデバラン
30%
レグルス
30%
カノープス
30%
リゲル
20%
ポルックス
20%
アルゴル
10%
フォーマルハウト
10%
No matching quizzes found
Score Distribution
Percent of People with Each Score
Percentile by Number Answered
Your Score History
You have not taken this quiz